Recuerdos de provincia

Պահպանված է:
Մատենագիտական մանրամասներ
Հիմնական հեղինակ: Sarmiento, Domingo F.
Ձևաչափ: Գիրք
Լեզու:Undetermined
Հրապարակվել է: Buenos Aires, Argentina Tor 1939
Խորագրեր:
Ցուցիչներ: Ավելացրեք ցուցիչ
Չկան պիտակներ, Եղեք առաջինը, ով նշում է այս գրառումը!

MARC

LEADER 00000nam a2200000Ia 4500
008 170316s9999 xx 000 0 und d
040 |a cru BVZT 
090 |a 860 S-17r 
100 |a Sarmiento, Domingo F. 
245 |a Recuerdos de provincia 
260 |a Buenos Aires, Argentina 
260 |b Tor 
260 |c 1939 
300 |a 281 páginas 
650 |a LITERATURA LATINOAMERICANA 
999 |c 9199  |d 9199 
942 |c 15 D  |h 860 S-17r  |2 z